Clinical psychiatry in imperial Germany : a history of psychiatric practice

Αποθηκεύτηκε σε:
Λεπτομέρειες βιβλιογραφικής εγγραφής
Κύριος συγγραφέας: Engstrom, Eric J.
Μορφή: Βιβλίο
Γλώσσα:English
Δημοσίευση: Ithaca : Cornell University Press, 2003
Σειρά:Cornell studies in the history of psychiatry
Θέματα:
Ετικέτες: Προσθήκη ετικέτας
Δεν υπάρχουν, Καταχωρήστε ετικέτα πρώτοι!

MARC

LEADER 00000nam a2200000 i 4500
001 1/87964
008 080606s2003 eng d
020 |a 0-8014-4195-1 
035 |l 10097999 
040 |a GR-MY-UA  |b gre  |e aacr 
041 0 |a eng 
082 0 |a 616.8900943  |2 (22) 
100 1 |a Engstrom, Eric J. 
245 1 0 |a Clinical psychiatry in imperial Germany :  |b a history of psychiatric practice /  |c Eric J. Engstrom 
260 |a Ithaca :   |b Cornell University Press,   |c 2003 
300 |a xii, 295 σ.;  |c 24 εκ. 
490 1 |a Cornell studies in the history of psychiatry 
504 |a Βιβλιογραφία: σ. 205-289 
504 |a Ευρετήριο: σ. 291-295 
650 0 0 |a Psychiatry  |z Germany  |x History  |y 19th century. 
650 0 0 |a Mental illness  |z Germany  |x History  |y 19th century. 
650 0 0 |a Psychiatry  |x History  |z Germany. 
830 0 |a Cornell studies in the history of psychiatry 
852 |a INST  |b LESVOS  |e 20080606  |h 616.8900943 ENG  |p 005100041607  |q 005100041607  |t BK  |y 0 
901 |a BIBL1-2008-2 
909 |a Λ  |b 143895 
922 |a 1ΕΛΗ  |b 200801  |c ΕΠΕΑΕΚ2/ΤΚΑ  |d ΠΑΠΑΣΩΤΗΡΙΟΥ 
970 |a ΚΑΡΑ  |b ΓΙΑΣΕΜΗ  |z 2008/06/06